Štúrovo kompa premávajúca cez Dunaj do MĽR : Športhotel : čiastočný pohľad na mesto : termálne kúpalisko

Zobrazenie: Na striebornom podklade v bielom orámovaní pohľady na kompu na Dunaji, budovu Športhotelu, návštevníkov termálneho kúpalisko a čiastočné pohľady na mesto

Bibliographic Details
Other Authors: Šmátrala, Milan (fotograf) (Photographer), Ondrejkovič, Ivan, 1935-1998 (Photographer)
Format: Photo
Language:Slovak
PhysicalDescription:1 pohľadnica (4 čiastkové pohľady) farebná 11 x 15 cm
Published: Bratislava ČSTK-Pressfoto 1990
Subjects:

MARC

LEADER 00000ckm a2200000 a 4500
001 vtls001208499
003 SK-MaSNL
005 20260331203712.0
007 kf co
008 230718s1990 xo g 0kuslo
015 |a SNBG1990 
035 |a SNK000151569 
035 |a urn:nbn:sk:snk-km3lwgq 
035 |a F8BFE4E7-00F7-4033-A38F-D0109CD8A0B1 
035 |a urn:nbn:sk:snk-km00dr7y 
040 |a SNK  |b slo  |c SNK  |e AACR2 
041 0 |a slo 
043 |a e-xo--- 
044 |a xo  |c SK 
072 7 |a 913  |x Regionálna geografia  |2 konspekt 
080 |a 913(437.6)  |2 2011 
080 |a (084.121)  |2 2011 
080 |a 355.691.3  |2 2011 
080 |a 640.412  |2 2011 
080 |a 725.1:613.47-026.651  |2 2011 
080 |a 711.582  |2 2011 
100 1 |a Šmátrala, Milan  |c (fotograf)  |4 pht  |9 164919 
245 1 0 |a Štúrovo  |h grafika  |b kompa premávajúca cez Dunaj do MĽR : Športhotel : čiastočný pohľad na mesto : termálne kúpalisko  |c foto: M. Šmátrala, I. Ondrejkovič ; grafický návrh: J. Býma 
246 1 |i Názov na obrazovej časti:  |a Štúrovo 
260 |a Bratislava  |b ČSTK-Pressfoto  |c 1990  |e Skalica  |f Grafobal 
300 |a 1 pohľadnica (4 čiastkové pohľady)  |b farebná  |c 11 x 15 cm 
520 8 |a Zobrazenie: Na striebornom podklade v bielom orámovaní pohľady na kompu na Dunaji, budovu Športhotelu, návštevníkov termálneho kúpalisko a čiastočné pohľady na mesto 
650 0 7 |a kompy  |2 SNKPH  |9 55718 
650 0 7 |a hotely  |2 SNKPH  |9 18422 
650 0 7 |a termálne kúpaliská  |2 SNKPH  |9 4389 
650 0 7 |a sídliská  |2 SNKPH  |9 26585 
651 7 |a Štúrovo (Slovensko)  |2 SNKPHgeo  |9 27957 
651 7 |a Dunaj (rieka)  |2 SNKPHgeo  |9 22602 
655 7 |a miestne pohľadnice  |2 SNKPH  |9 70510 
700 1 |a Ondrejkovič, Ivan,  |d 1935-1998  |4 pht  |9 7599 
700 1 |a Býma, Jozef  |c (grafik)  |4 art  |9 302968 
852 |a Slovenská národná knižnica 
954 |a pohľadnice pôvodné (slovenské)  |2 lita 
958 |a GBN 
958 |a TL 
958 |a GC 
958 |a OND 
999 |c 853262  |d 855192 
952 |a SNK  |b SNK  |y PREZ  |7 0  |p 17A1297323  |o snkSP 144278  |i snk6038/90  |0 0  |1 0  |4 0  |d 2018-11-12  |f 1  |l 0  |r 2026-02-24 04:48:03  |w 2026-02-24 
952 |a SNK  |b SNK  |y PREZ  |7 0  |p 17A1297324  |o snkSP 144278 D1  |i snk6039/90  |0 0  |1 0  |4 0  |d 2018-11-12  |l 0  |r 2026-02-24 04:48:03  |w 2026-02-24